000 00592nam a2200229Ia 4500
003 OSt
005 20221007075647.0
006 a|||||r|||| 00| 0
007 ta
008 221006b |||||||| |||| 00| 0 eng d
024 _a13,958
037 _cTextual
040 _aFLL
_cFLL
_beng
041 _2eng
_aeng
082 _aX.2, M2.1
100 _aMongia J.N. Au.
_9687836
245 0 _aIndia's economic affairs
260 _aNew Delhi
_bNeera enterprises India
_c1982
490 _vVol.1
942 _hX.2, M2.1
_cTEXL
_2CC
999 _c1156918
_d1156918